000 01582nam a22004097a 4500
003 CHAP
005 20220329143546.0
008 100526s2009 mx r 00010 spa d
010 _a98528
011 _a99500
035 _a110186
040 _cCHAP
090 _aTesis
100 1 _aSánchez Martínez, José Sid.
_9107683
245 1 0 _aEstado débil y democracia delegativa :
_belementos característicos de la democracia mexicana
_c/por José Said Sánchez Martínez
260 _aChapingo, Méx. :
_bEl autor,
_c2009
300 _avi, 232 h. :
_bcuadros, gráfs.
502 _aTesis (Ing. Agr. Esp. en Sociología Rural) -- UACH. Departamento de Sociología rural
530 _aTambién disponible en línea
590 _aALEPH
_b10
_c20130110
_lUCH01
_h1534
590 _aBATCH-UPD
_b10
_c20130110
_lUCH01
_h1717
590 _aBATCH-UPD
_b10
_c20130410
_lUCH01
_h1101
590 _aBATCH-UPD
_b10
_c20130914
_lUCH01
_h0945
590 _aBATCH-UPD
_b10
_c20140324
_lUCH01
_h1517
590 _aBATCH-UPD
_b10
_c20141002
_lUCH01
_h0843
590 _aBATCH-UPD
_b10
_c20161124
_lUCH01
_h1713
590 _aCONVERSION
_b10
_c20130109
_lUCH01
_h1354
650 1 4 _aCiudadanía.
_923506
650 1 4 _aDemocracia.
_931740
650 1 4 _aDerechos humanos.
_931916
651 4 _aMéxico
_xPolítica y gobierno.
_976783
856 _3Finding aid
_uhttp://10.13.5.2/tesis/110186.pdf
_zTeclea aqui
901 _aBK
942 _cFOLL
949 _aTesis
_bBC
_cTES
_d33724002109040
_eTS2
_fc.2
_gDonaciØn
_h50645
_i110186
_sb
949 _aTesis
_bBC
_cTES
_d33724002109082
_eTS1
_gDonaciØn
_h50644
_i110186
_sb
999 _c98528
_d98528